LEADER 01190nam 2200397 450 001 9910466347703321 005 20200520144314.0 010 $a1-4674-4321-2 035 $a(CKB)3710000001084712 035 $a(MiAaPQ)EBC4859152 035 $a(Au-PeEL)EBL4859152 035 $a(CaPaEBR)ebr11388236 035 $a(OCoLC)988872413 035 $a(EXLCZ)993710000001084712 100 $a20170619h20152015 uy 0 101 0 $aeng 135 $aurcnu|||||||| 181 $2rdacontent 182 $2rdamedia 183 $2rdacarrier 200 10$aFundamentals of New Testament textual criticism /$fStanley E. Porter & Andrew W. Pitts 210 1$aGrand Rapids, Michigan ;$aCambridge, England :$cWilliam B. Eerdmans Publishing Company,$d2015. 210 4$d©2015 215 $a1 online resource (171 pages) 300 $aIncludes index. 311 $a0-8028-7224-7 608 $aElectronic books. 676 $a225.4/86 700 $aPorter$b Stanley E.$f1956-$0176503 801 0$bMiAaPQ 801 1$bMiAaPQ 801 2$bMiAaPQ 906 $aBOOK 912 $a9910466347703321 996 $aFundamentals of New Testament textual criticism$92489403 997 $aUNINA LEADER 01432nam a2200301 i 4500 001 991003976619707536 005 20020509151734.0 008 970717s1991 us ||| | eng| 035 $ab1124317x-39ule_inst 035 $aPARLA192507$9ExL 040 $aDip.to Scienze Storiche Fil. e Geogr.$bita 082 04$a320.540956940973 245 00$aPalestine in postwar United States and world affairs /$cedited with an introduction by Aaron S. Klieman 260 $aNew York ; London :$bGarland,$cc1991 300 $a2 v. ;$c29 cm. 490 0 $aAmerican Zionism ;$v11,1 490 0 $aAmerican Zionism ;$v11,2 650 4$aSionismo$zStati Uniti d'America$xStoria$vFonti 650 4$aEbrei statunitensi$xAttività politica$vFonti 651 4$aStati Uniti d'America$xRelazioni internazionali$vFonti 700 1 $aKlieman, Aaron S. 907 $a.b1124317x$b04-04-17$c01-07-02 912 $a991003976619707536 945 $aLE023 320.54 Coll. I, 11.1$g1$i2023000170540$lle023$nV.11,1$nLE009 Stor. 79.1-475/11,1 (vecchia collocazione)$o-$pE0.00$q-$rn$so $t0$u1$v0$w1$x0$y.i11401862$z01-07-02 945 $aLE023 320.54 Coll. I, 11.2$g1$i2023000170557$lle023$nV.11,2$nLE009 Stor. 79.1-475/11,2 (vecchia collocazione)$o-$pE0.00$q-$rn$so $t0$u0$v0$w0$x0$y.i11401874$z01-07-02 996 $aPalestine in postwar United States and world affairs$91745241 997 $aUNISALENTO 998 $ale023$b01-01-97$cm$da $e-$feng$gus $h0$i2 LEADER 02102nam 2200493 a 450 001 9910701096203321 005 20111220111214.0 035 $a(CKB)5470000002414071 035 $a(OCoLC)768833600 035 $a(EXLCZ)995470000002414071 100 $a20111220d2004 ua 0 101 0 $aeng 135 $aurbn||||||||| 181 $ctxt$2rdacontent 182 $cc$2rdamedia 183 $acr$2rdacarrier 200 10$aVDatum for Puget Sound$b[electronic resource] $egeneration of the grid and population with tidal datums and sea surface topography /$fKurt W. Hess, Stephen A. White 210 1$a[Silver Spring, Md.] :$cU.S. Dept. of Commerce, National Oceanic and Atmospheric Administration, National Ocean Service, Office of Coast Survey, Coast Survey Development Laboratory,$d[2004] 215 $a1 online resource (vi, 27 pages) $cillustrations, maps 225 1 $aNOAA technical memorandum NOS CS ;$v4 300 $aTitle from PDF title screen (viewed Dec. 14, 2011). 300 $a"January 2004." 320 $aIncludes bibliographical references (page 17). 517 $aVDatum for Puget Sound 606 $aTides$zWashington (State)$zPuget Sound$xMeasurement 606 $aOcean surface topography$xMathematical models 606 $aHydrodynamics$xMathematical models 606 $aHydrographic surveying$zWashington (State)$zPuget Sound 606 $aNumerical grid generation (Numerical analysis)$xComputer simulation 615 0$aTides$xMeasurement. 615 0$aOcean surface topography$xMathematical models. 615 0$aHydrodynamics$xMathematical models. 615 0$aHydrographic surveying 615 0$aNumerical grid generation (Numerical analysis)$xComputer simulation. 700 $aHess$b Kurt W$01396315 701 $aWhite$b Stephen A$0261168 712 02$aUnited States.$bNational Oceanic and Atmospheric Administration. 712 02$aCoast Survey Development Laboratory (U.S.) 801 0$bGPO 801 1$bGPO 906 $aBOOK 912 $a9910701096203321 996 $aVDatum for Puget Sound$93456237 997 $aUNINA